Le voyage à Ixtlan /

Première partie: "Stopper-le-monde" et deuxième partie: le voyage a Ixtlan.

সংরক্ষণ করুন:
গ্রন্থ-পঞ্জীর বিবরন
প্রধান লেখক: Castaneda, Carlos.
বিন্যাস: গ্রন্থ
ভাষা:French
প্রকাশিত: Paris : NRF, 1974.
বিষয়গুলি:
ট্যাগগুলো: ট্যাগ যুক্ত করুন
কোনো ট্যাগ নেই, প্রথমজন হিসাবে ট্যাগ করুন!
Thư viện lưu trữ: Mạng thư viện Đại học Đà Nẵng
LEADER 00830cam a2200325 i 4500
001 000044281
003 2646
005 20030319104256.0
008 010307|1974 vm 000 fre
040 |a IRC  |c IRC  |d IRC 
041 0 |a fre 
082 1 4 |a 910.202  |b CA-C 
100 1 |a Castaneda, Carlos. 
245 0 3 |a Le voyage à Ixtlan /  |c Carlos Castaneda. 
260 |a Paris :  |b NRF,  |c 1974. 
300 |a 246p. ;  |c 21.5cm. 
520 3 |a Première partie: "Stopper-le-monde" et deuxième partie: le voyage a Ixtlan. 
630 0 4 |a Voyage. 
630 0 4 |a Ixtlan. 
650 0 4 |a Voyage  |z Ixtlan. 
OWN |a DUT 
999 |a From the UDN01 
TYP |a Monograph 
TYP |a Printed language 
980 |a Mạng thư viện Đại học Đà Nẵng